Cabo Verde : Technical Assistance Report-Government Finance Statistics and Public Sector Debt Statistics.

A technical assistance (TA) mission on Government Finance Statistics (GFS) and Public Sector Debt Statistics (PSDS) visited the city of Praia, Republic of Cabo Verde, from July 22 to August 2, 2019, with the aim of putting more and better-quality fiscal data -particularly on PSDS - in the hands of p...

Descripció completa

Dades bibliogràfiques
Autor corporatiu: International Monetary Fund. African Dept
Format: Revista
Idioma:English
Publicat: Washington, D.C. : International Monetary Fund, 2021.
Col·lecció:IMF Staff Country Reports; Country Report ; No. 2021/238
Matèries:
Accés en línia:Full text available on IMF
LEADER 01857cas a2200301 a 4500
001 AALejournalIMF023092
008 230101c9999 xx r poo 0 0eng d
020 |c 20.00 USD 
020 |z 9781589064805 
022 |a 1934-7685 
040 |a BD-DhAAL  |c BD-DhAAL 
110 2 |a International Monetary Fund.  |b African Dept. 
240 1 0 |a Cabo Verde: Technical Assistance Report-Government Finance Statistics and Public Sector Debt Statistics.  |l Portuguese 
245 1 0 |a Cabo Verde :   |b Technical Assistance Report-Government Finance Statistics and Public Sector Debt Statistics. 
264 1 |a Washington, D.C. :  |b International Monetary Fund,  |c 2021. 
300 |a 1 online resource (66 pages) 
490 1 |a IMF Staff Country Reports 
500 |a <strong>Off-Campus Access:</strong> No User ID or Password Required 
500 |a <strong>On-Campus Access:</strong> No User ID or Password Required 
506 |a Electronic access restricted to authorized BRAC University faculty, staff and students 
520 3 |a A technical assistance (TA) mission on Government Finance Statistics (GFS) and Public Sector Debt Statistics (PSDS) visited the city of Praia, Republic of Cabo Verde, from July 22 to August 2, 2019, with the aim of putting more and better-quality fiscal data -particularly on PSDS - in the hands of public decision makers. The mission was funded by the Data for Decisions (D4D) fund under module 1 on fiscal data including debt. 
538 |a Mode of access: Internet 
650 7 |a International Agreements and Observance  |2 imf 
650 7 |a International Organizations  |2 imf 
650 7 |a Monetary Policy  |2 imf 
651 7 |a Cabo Verde  |2 imf 
830 0 |a IMF Staff Country Reports; Country Report ;  |v No. 2021/238 
856 4 0 |z Full text available on IMF  |u https://elibrary.imf.org/openurl?genre=journal&issn=1934-7685&volume=2021&issue=238  |z IMF e-Library